Normal view
MARC view
- Merle C. Potter
Entry Personal Name
001 - CONTROL NUMBER
- control field: 53777
003 - CONTROL NUMBER IDENTIFIER
- control field: NUST
005 - DATE AND TIME OF LATEST TRANSACTION
- control field: 20210421115819.0
008 - FIXED-LENGTH DATA ELEMENTS
- fixed length control field: 210421|| aca||aabn | a|a d
040 ## - CATALOGING SOURCE
- Original cataloging agency: NUST
- Transcribing agency: NUST
100 ## - HEADING--PERSONAL NAME
- Personal name: Merle C. Potter
670 ## - SOURCE DATA FOUND
- Source citation: Work cat.: (NUST): Merle C. Potter, Thermodynamics For Engineers, 1993
